=LDR 00000nam 2200000 4500 =001 $a INLIS000000000002434 =005 $a 20260604110006 =008 $a 260604###########################0###### =022 ##$$a =035 ##$$a 0010-1024000003 =082 ##$$a 307.203 =084 ##$$a 307.203 BIS k =100 #$$a Bisri Mustofa =245 ##$$a Kamus Kependudukan $b $c Bisri Mustofa (Penulis) =246 ##$$a =260 ##$$a Jogjakarta : $b Panji Pustaka, $c 2008 =300 ##$$a 384 hlm : $b - $c $d =336 ##$$a =337 ##$$a =338 ##$$a =520 #$$a Studi tentang kependudukan dan lingkungan hidup beserta istilah dalam kependudukan =650 ##$$a Kamus =700 #$$a =740 ##$$a =856 ##$$a UPT Balai Diklat KKB Bogor =Wor $a 1